[Event "Titled Tue 26th Aug Late"]
[Site "chess.com INT"]
[Date "2025.08.26"]
[Round "9"]
[White "Yurovskykh, Oleksandr"]
[Black "Estrada Nieto, Julian"]
[Result "1-0"]
[WhiteTitle "FM"]
[BlackTitle "IM"]
[WhiteElo "2379"]
[BlackElo "2182"]
[WhiteFideId "14134020"]
[BlackFideId "5101018"]
[EventDate "2025.08.26"]

1. d4 d5 2. Bf4 Nf6 3. e3 c5 4. c3 Nc6 5. Nd2 Bf5 6. Ngf3 e6 7. Qb3 Qc8 8. Be2
c4 9. Qd1 h6 10. O-O Be7 11. Ne5 Nxe5 12. Bxe5 O-O 13. Re1 b5 14. Bf3 Ne4 15.
Nxe4 dxe4 16. Be2 Qc6 17. Qc2 Bd6 18. Bxd6 Qxd6 19. a4 a6 20. Ra2 Rfc8 21. Rea1
Rab8 22. axb5 axb5 23. Ra6 Rb6 24. Rxb6 Qxb6 25. b4 Qc7 26. Ra5 Rb8 27. Qa2 e5
28. Ra7 Qd6 29. Qd2 exd4 30. Qxd4 Qg6 31. g3 Qg5 32. h4 Qg6 33. Kh2 h5 34. Re7
Ra8 35. Qe5 Ra2 36. Re8+ Kh7 37. Qb8 Qf6 38. Rh8+ Kg6 39. Bxh5# 1-0

[Event "Titled Tue 26th Aug Late"]
[Site "chess.com INT"]
[Date "2025.08.26"]
[Round "9"]
[White "Sakhayi, Mostafa"]
[Black "Janaszak, Dawid"]
[Result "0-1"]
[WhiteTitle "CM"]
[BlackTitle "FM"]
[WhiteElo "2166"]
[BlackElo "2306"]
[WhiteFideId "12512532"]
[BlackFideId "1119206"]
[EventDate "2025.08.26"]

1. d4 Nf6 2. c4 c5 3. d5 b5 4. Nf3 g6 5. cxb5 Bg7 6. Nc3 O-O 7. e4 d6 8. a4 Bb7
9. a5 e6 10. a6 Bc8 11. Bc4 exd5 12. Bxd5 Nxd5 13. Qxd5 Nc6 14. Qxc6 Be6 15. Bf4
Bc4 16. Qxd6 Qe8 17. Qxc5 Bxc3+ 18. bxc3 Qxe4+ 19. Qe3 Qf5 20. Nd4 Qg4 21. f3
Qxg2 22. Rg1 Qb2 23. Rd1 Rfe8 24. Be5 f6 25. Rd2 Qa3 26. f4 fxe5 27. fxe5 Qc5
28. Rg5 Bxb5 29. e6 Qa3 30. Rxb5 Rac8 31. e7 Rxe7 32. Re5 Rxc3 33. Rd3 Rxd3 34.
Rxe7 Rxe3+ 0-1

[Event "Titled Tue 26th Aug Late"]
[Site "chess.com INT"]
[Date "2025.08.26"]
[Round "9"]
[White "Mikhalsky, Vladimir"]
[Black "Bonin, Jay"]
[Result "1-0"]
[BlackTitle "IM"]
[WhiteElo "2219"]
[BlackElo "2077"]
[WhiteFideId "14144352"]
[BlackFideId "2000644"]
[EventDate "2025.08.26"]

1. d4 Nf6 2. Nc3 d5 3. Bf4 a6 4. Qd2 Bf5 5. f3 e6 6. g4 Bg6 7. h4 h5 8. g5 Nfd7
9. e4 Nb6 10. O-O-O Bb4 11. a3 Bxc3 12. Qxc3 dxe4 13. Bxc7 Nd5 14. Bxd8 Nxc3 15.
bxc3 Kxd8 16. Bg2 exf3 17. Nxf3 Nc6 18. c4 Be4 19. Rhe1 Bxf3 20. Bxf3 Na5 21. d5
Ke7 22. g6 fxg6 23. Rxe6+ Kf7 24. Be2 Rhe8 25. Rf1+ Kg8 26. Bd3 Rxe6 27. dxe6
Rf8 28. Re1 Nc6 29. Bxg6 Ne7 30. Bf7+ Kh7 31. Re5 g6 32. Rd5 Nxd5 33. cxd5 Rxf7
34. exf7 Kg7 35. c4 Kxf7 36. Kd2 b5 37. c5 a5 38. Kd3 Ke7 39. Kd4 g5 40. hxg5 h4
41. Ke3 b4 42. axb4 a4 43. d6+ Ke6 44. g6 a3 45. g7 Kf7 46. d7 1-0

[Event "Titled Tue 26th Aug Late"]
[Site "chess.com INT"]
[Date "2025.08.26"]
[Round "9"]
[White "Poleg, Matan"]
[Black "Babiarz, Arkadiusz"]
[Result "1-0"]
[WhiteTitle "FM"]
[BlackTitle "CM"]
[WhiteElo "2277"]
[BlackElo "2172"]
[WhiteFideId "2811472"]
[BlackFideId "21804362"]
[EventDate "2025.08.26"]

1. e4 e5 2. Nf3 Nc6 3. Bb5 a6 4. Ba4 Nf6 5. O-O Bc5 6. c3 O-O 7. Re1 d5 8. Bxc6
bxc6 9. d4 dxe4 10. Nxe5 Bd6 11. Bg5 h6 12. Nxc6 Bxh2+ 13. Kxh2 Qd6+ 14. Kg1
hxg5 15. Ne5 Bf5 16. Nd2 Rfe8 17. Ndc4 Qe6 18. Ne3 Rad8 19. Qb3 Bh7 20. Qxe6
Rxe6 21. Kf1 c5 22. Red1 cxd4 23. cxd4 Rb6 24. N5c4 Rc6 25. b3 Nd5 26. Nxd5 Rxd5
27. Ne3 Rd7 28. d5 Rc5 29. g4 g6 30. Rac1 Rxc1 31. Rxc1 f5 32. Rc5 f4 33. Nc4
Kg7 34. Ne5 Re7 35. d6 Re8 36. Rc7+ Kf6 37. d7 Rd8 38. Nc6 1-0

[Event "Titled Tue 26th Aug Late"]
[Site "chess.com INT"]
[Date "2025.08.26"]
[Round "9"]
[White "Sheehan, Ethan"]
[Black "Terry, Renato"]
[Result "0-1"]
[BlackTitle "IM"]
[WhiteElo "2323"]
[BlackElo "2508"]
[WhiteFideId "30943965"]
[BlackFideId "3803457"]
[EventDate "2025.08.26"]

1. d4 e6 2. Nf3 Nf6 3. Bf4 b6 4. e3 Bb7 5. Nbd2 Bd6 6. Bg3 Bxg3 7. hxg3 d6 8.
Bd3 Qe7 9. Qe2 a6 10. e4 e5 11. c3 Nbd7 12. O-O O-O 13. Rfe1 Rfe8 14. Rad1 b5
15. Nb3 Rab8 16. d5 c5 17. dxc6 Bxc6 18. Bc2 Nb6 19. Nbd2 Rbd8 20. Nf1 Qb7 21.
N3d2 Nbd7 22. Ne3 Nc5 23. Nf5 g6 24. Qe3 Ne6 25. Nh4 Ng4 26. Qe2 h5 27. Bb3 Nc5
28. a3 Kg7 29. Ba2 Qa7 30. b4 Na4 31. Rc1 Nb2 32. c4 Nd3 33. Qxd3 Qxf2+ 34. Kh1
Qxe1+ 35. Rxe1 Nf2+ 36. Kh2 Nxd3 37. Rf1 Re7 38. Nhf3 Nb2 39. cxb5 axb5 40. Rf2
Nd3 41. Rf1 d5 42. exd5 Bxd5 43. Bxd5 Rxd5 44. Ne4 Rd8 45. Nc3 e4 46. Ng5 f5 47.
g4 hxg4 48. Nxb5 e3 0-1

[Event "Titled Tue 26th Aug Late"]
[Site "chess.com INT"]
[Date "2025.08.26"]
[Round "9"]
[White "Beulen, Marcel"]
[Black "Lai, Duc Minh"]
[Result "0-1"]
[WhiteTitle "FM"]
[WhiteElo "2359"]
[BlackElo "2121"]
[WhiteFideId "1001450"]
[BlackFideId "12420387"]
[EventDate "2025.08.26"]

1. e4 c5 2. Nf3 g6 3. c3 d5 4. exd5 Qxd5 5. d4 Bg7 6. Be2 Nh6 7. c4 Qd6 8. d5
Bg4 9. O-O Nf5 10. Nc3 O-O 11. Nb5 Qb6 12. Bf4 Na6 13. a4 Qa5 14. Bd2 Nb4 15. h3
Bxf3 16. Bxf3 a6 17. Nc3 Nd4 18. Be4 Rad8 19. Rc1 f5 20. Bb1 e6 21. Re1 exd5 22.
Nxd5 Rd7 23. Bc3 Rfd8 24. Re7 Rxe7 25. Nxe7+ Kf7 26. Nd5 Rd7 27. Nxb4 cxb4 28.
Bxd4 Bxd4 29. Qe2 Qxa4 30. Re1 Bf6 31. Qe8+ Kg7 32. Bc2 Qc6 33. b3 Qc7 34. g3
Qd8 35. Qe6 Re7 0-1

[Event "Titled Tue 26th Aug Late"]
[Site "chess.com INT"]
[Date "2025.08.26"]
[Round "9"]
[White "Hungaski, Robert"]
[Black "Tang, Zoey"]
[Result "1-0"]
[WhiteTitle "GM"]
[BlackTitle "FM"]
[WhiteElo "2477"]
[BlackElo "2381"]
[WhiteFideId "2021030"]
[BlackFideId "30952530"]
[EventDate "2025.08.26"]

1. e4 c5 2. Nf3 d6 3. c3 Nf6 4. h3 g6 5. Bd3 Bg7 6. Bc2 O-O 7. d4 cxd4 8. cxd4
b5 9. a3 Bb7 10. Nc3 a6 11. O-O Nbd7 12. Bg5 Nb6 13. Re1 Rc8 14. e5 dxe5 15.
dxe5 Nfd5 16. Be4 h6 17. Bh4 Ba8 18. Nxd5 Nxd5 19. Qd2 Nb6 20. Qxd8 Rfxd8 21.
Bxa8 Nxa8 22. Bxe7 Re8 23. Bd6 Nb6 24. b3 Rc3 25. Rab1 Nd7 26. a4 g5 27. a5 Kh7
28. b4 Rec8 29. Rbd1 Nf8 30. Nd4 Ne6 31. Nxe6 fxe6 32. Bc5 Kg6 33. Rd6 Kf5 34.
g4+ Kf4 35. Kg2 Bxe5 36. Rxe6 Bg7 37. R1e4# 1-0

[Event "Titled Tue 26th Aug Late"]
[Site "chess.com INT"]
[Date "2025.08.26"]
[Round "9"]
[White "Hernandez Bermudez, Ulises Eduardo"]
[Black "Simonovic, Miroslav"]
[Result "1-0"]
[BlackTitle "CM"]
[WhiteElo "2042"]
[BlackElo "2092"]
[WhiteFideId "3902510"]
[BlackFideId "919152"]
[EventDate "2025.08.26"]

1. e4 c5 2. c3 d5 3. exd5 Qxd5 4. d4 Nc6 5. Nf3 Bf5 6. Na3 e6 7. Be3 cxd4 8. Nb5
Qd8 9. Nfxd4 Nge7 10. Nxf5 Nxf5 11. Qxd8+ Rxd8 12. Bxa7 Nxa7 13. Nxa7 Bc5 14.
Nb5 Ke7 15. g3 Rd7 16. Bg2 Rhd8 17. O-O h5 18. Bf3 h4 19. g4 Nd6 20. Nxd6 Bxd6
21. Rfd1 Be5 22. h3 g5 23. Kf1 b6 24. Ke2 f5 25. Bc6 Rxd1 26. Rxd1 Rxd1 27. Kxd1
fxg4 28. hxg4 Kd6 29. Bg2 Kc5 30. Kc2 Bh2 31. Kd3 Bg1 32. Ke4 Bxf2 33. Ke5 Be3
34. Kxe6 Bc1 35. b3 Bb2 36. Kf5 Bc1 37. Ke4 Bd2 38. Kd3 Bc1 39. b4+ Kd6 40. Kd4
Bb2 41. a4 Bc1 42. c4 Kc7 43. Kd5 Bf4 44. c5 bxc5 45. Kxc5 Be3+ 46. Kb5 Kb8 47.
Kc6 Bd2 48. b5 Ba5 49. b6 Bc3 50. Kb5 Bd4 51. a5 Be5 52. a6 Bc7 53. a7+ Kc8 54.
a8=Q+ Kd7 55. Qc6+ Ke7 56. bxc7 h3 57. c8=Q 1-0

[Event "Titled Tue 26th Aug Late"]
[Site "chess.com INT"]
[Date "2025.08.26"]
[Round "9"]
[White "Banzea, Alexandru-Bogdan"]
[Black "Alvarado, Carlos"]
[Result "1-0"]
[WhiteTitle "IM"]
[BlackTitle "CM"]
[WhiteElo "2394"]
[BlackElo "2032"]
[WhiteFideId "1232622"]
[BlackFideId "3800555"]
[EventDate "2025.08.26"]

1. d4 Nf6 2. Nc3 d5 3. Bf4 c6 4. e3 e6 5. Bd3 Nbd7 6. Nf3 Bb4 7. O-O Bxc3 8.
bxc3 b5 9. a4 bxa4 10. c4 dxc4 11. Bxc4 Nb6 12. Bd3 Nfd5 13. Bg3 a5 14. Ne5 Ba6
15. Nxc6 Qc8 16. Ne5 Nc3 17. Qh5 g6 18. Qf3 O-O 19. Ng4 f5 20. Nh6+ Kg7 21. Be5+
Rf6 22. Ng4 Nbd5 23. Nxf6 Nxf6 24. Bxa6 Rxa6 25. Kh1 Kf7 26. h3 Nfe4 27. Qf4 Qf8
28. Qh4 h6 29. f3 Ng5 30. Rfb1 Nxb1 31. Rxb1 Ra7 32. Rb8 Qxb8 33. Bxb8 Rb7 34.
Bd6 Kg7 35. Qf4 Nf7 36. Ba3 Rb1+ 37. Kh2 Ra1 38. Bc5 a3 39. Qc7 a2 40. Qxa5 g5
41. Bb4 Kg6 42. Bc3 Rf1 43. Qxa2 Nd8 44. Ba5 1-0

[Event "Titled Tue 26th Aug Late"]
[Site "chess.com INT"]
[Date "2025.08.26"]
[Round "9"]
[White "Harish, Neeraj"]
[Black "Federer, Colin"]
[Result "0-1"]
[WhiteTitle "CM"]
[BlackTitle "FM"]
[WhiteElo "2028"]
[BlackElo "2294"]
[WhiteFideId "30958130"]
[BlackFideId "1345117"]
[EventDate "2025.08.26"]

1. e4 c5 2. Nf3 d6 3. d4 cxd4 4. Nxd4 Nf6 5. Nc3 a6 6. Be3 e5 7. Nb3 Be6 8. f3
h5 9. Qd2 Nbd7 10. Nd5 Bxd5 11. exd5 g6 12. O-O-O Bg7 13. Kb1 Qc7 14. h4 Rc8 15.
c4 e4 16. Bd4 O-O 17. Be2 exf3 18. gxf3 Rfe8 19. Bd3 Ne5 20. Qc3 b5 21. cxb5 Qd7
22. Qa5 Nxd3 23. Rxd3 axb5 24. Rhd1 Re2 25. Nc1 Rh2 26. Qa7 Qxa7 27. Bxa7 Rcc2
28. Bd4 Nd7 29. Bxg7 Kxg7 30. Rb3 Rcf2 31. Rxb5 Rxh4 32. Rb7 Rhh2 33. Rxd7 Rxb2+
34. Ka1 Rbc2 35. Rb7 Rhf2 36. Rb3 h4 37. Kb1 h3 38. Nd3 Rfd2 0-1

[Event "Titled Tue 26th Aug Late"]
[Site "chess.com INT"]
[Date "2025.08.26"]
[Round "9"]
[White "Bogaudinov, Rushan"]
[Black "Kulik, Nicolas"]
[Result "1-0"]
[WhiteTitle "FM"]
[WhiteElo "1912"]
[BlackElo "2111"]
[WhiteFideId "4129288"]
[BlackFideId "3009530"]
[EventDate "2025.08.26"]

1. e4 g6 2. h4 Bg7 3. h5 d6 4. d4 c5 5. dxc5 Qa5+ 6. c3 Qxc5 7. h6 Bf6 8. Nd2
Nd7 9. Nb3 Qc7 10. Nf3 e6 11. Bf4 Ne5 12. Bb5+ Bd7 13. Bxd7+ Qxd7 14. Bxe5 dxe5
15. Qxd7+ Kxd7 16. O-O-O+ Kc7 17. Nc5 b6 18. Nd7 Rd8 19. Ndxe5 Rxd1+ 20. Kxd1
Bxe5 21. Nxe5 Nf6 22. f3 Rf8 23. Ke2 Nd7 24. Nxd7 Kxd7 25. f4 f5 26. Rd1+ Kc7
27. e5 Re8 28. Rd6 Re7 29. c4 Re8 30. b3 a5 31. a4 Re7 32. Kf3 Re8 33. Kg3 g5
34. fxg5 Rg8 35. Kf4 Rg6 36. g3 b5 37. axb5 Kb7 38. c5 Kc7 39. Ra6 Rg8 40. Rxe6
Rb8 41. b6+ Kb7 42. Kxf5 a4 43. bxa4 Rf8+ 44. Rf6 Rh8 45. a5 Ka6 46. c6 Rd8 47.
c7 Rc8 48. Rd6 Rf8+ 49. Ke6 Re8+ 50. Kf7 Ra8 51. Kg7 Kb7 52. Kxh7 Rxa5 53. Rd8
Ra8 54. Rxa8 Kxa8 55. Kg7 Kb7 56. h7 Ka8 57. c8=Q# 1-0

[Event "Titled Tue 26th Aug Late"]
[Site "chess.com INT"]
[Date "2025.08.26"]
[Round "9"]
[White "Leitgeb, Julian"]
[Black "Harriott, Tyrell"]
[Result "1-0"]
[WhiteTitle "FM"]
[WhiteElo "2311"]
[BlackElo "1933"]
[WhiteFideId "1663771"]
[BlackFideId "2086484"]
[EventDate "2025.08.26"]

1. Nf3 d5 2. g3 e6 3. Bg2 f5 4. O-O Bd6 5. c4 Nf6 6. d4 c6 7. b3 O-O 8. Ba3 b6
9. Bxd6 Qxd6 10. Qc2 f4 11. Nbd2 Nbd7 12. Rac1 Bb7 13. Qd3 e5 14. dxe5 Nxe5 15.
Nxe5 Qxe5 16. Nf3 Qh5 17. cxd5 fxg3 18. dxc6 Ng4 19. h3 gxf2+ 20. Kh1 Bc8 21. c7
Bf5 22. Qd5+ Kh8 23. Qd4 Rae8 24. Nh2 Ne3 25. Rxf2 Nxg2 26. Rxg2 Qh6 27. Rcg1
Be4 28. Nf3 Rxf3 29. exf3 Qxh3+ 30. Rh2 Bxf3+ 31. Rg2 Re1+ 32. Qg1 Rxg1+ 33.
Kxg1 Qd7 34. Rc2 Qc8 35. Rhd2 Qg4+ 36. Kf2 1-0

[Event "Titled Tue 26th Aug Late"]
[Site "chess.com INT"]
[Date "2025.08.26"]
[Round "9"]
[White "Reprintsev, Alexander"]
[Black "Szpar, Milosz"]
[Result "0-1"]
[WhiteTitle "IM"]
[BlackTitle "GM"]
[WhiteElo "2256"]
[BlackElo "2490"]
[WhiteFideId "14100541"]
[BlackFideId "1184989"]
[EventDate "2025.08.26"]

1. e4 e6 2. Nf3 d5 3. e5 c5 4. b4 b6 5. c3 Qd7 6. a3 Ba6 7. d3 Ne7 8. h4 Nbc6 9.
Nbd2 h5 10. Nb3 Nf5 11. Be3 d4 12. cxd4 cxb4 13. a4 Nce7 14. Be2 Nd5 15. Bd2 Be7
16. g3 Rc8 17. O-O Bb7 18. a5 Nc3 19. Bxc3 Rxc3 20. axb6 axb6 21. Ra7 Qd5 22.
Nbd2 Nxd4 23. Rxb7 Nxe2+ 24. Qxe2 Qxb7 25. Ne4 Rc8 26. Nfg5 Qd5 27. Qf3 Rf8 28.
Qxh5 b3 29. Qe2 Qxe5 30. Nf3 Qd5 31. Rb1 Bf6 32. d4 Rc2 33. Qe3 b2 34. Kg2 Kd7
35. Nc3 Qb3 36. Nd1 Qxe3 37. Nxe3 Rc6 38. Rxb2 Rb8 39. Rb5 Rd6 40. Rb4 b5 41. g4
Be7 42. Ne5+ Ke8 43. h5 Rb7 44. f4 Rd8 45. Kf3 Bxb4 0-1

[Event "Titled Tue 26th Aug Late"]
[Site "chess.com INT"]
[Date "2025.08.26"]
[Round "9"]
[White "Bagchi, Sounak"]
[Black "Shandrygin, Nikita"]
[Result "1-0"]
[BlackTitle "FM"]
[WhiteElo "2030"]
[BlackElo "2209"]
[WhiteFideId "30970059"]
[BlackFideId "24198668"]
[EventDate "2025.08.26"]

1. e4 e5 2. Nf3 f5 3. Nc3 fxe4 4. Nxe4 d5 5. Nc3 e4 6. Nd4 Nf6 7. d3 Bc5 8. Nb3
Bb6 9. dxe4 O-O 10. Be3 Bxe3 11. fxe3 c6 12. Qd3 Ng4 13. exd5 Nf2 14. Qc4 b5 15.
Qd4 Nxh1 16. dxc6 Nxc6 17. Qc5 Qh4+ 18. g3 Nxg3 19. hxg3 Qxg3+ 20. Kd2 Bb7 21.
Bxb5 Rad8+ 22. Bd3 Rf2+ 23. Ne2 Ne5 24. Nd4 Nf3+ 25. Nxf3 Bxf3 26. Re1 Bxe2 27.
Rxe2 Rxe2+ 28. Kxe2 Qh2+ 29. Ke1 Qb8 30. b4 Kh8 31. a3 Rd6 32. Kd2 a6 33. Kc3
Qd8 34. Kb3 Rd7 35. Be4 Rc7 36. Qf5 Re7 37. Qxh7# 1-0

[Event "Titled Tue 26th Aug Late"]
[Site "chess.com INT"]
[Date "2025.08.26"]
[Round "9"]
[White "Leiva, Gianmarco"]
[Black "Sroczynski, Maciej"]
[Result "1-0"]
[WhiteTitle "IM"]
[BlackTitle "FM"]
[WhiteElo "2379"]
[BlackElo "2236"]
[WhiteFideId "3804399"]
[BlackFideId "1121472"]
[EventDate "2025.08.26"]

1. e4 c5 2. Nf3 Nc6 3. Bb5 g6 4. O-O Bg7 5. Re1 Nf6 6. e5 Nd5 7. Nc3 Nc7 8. Bxc6
dxc6 9. d3 Ne6 10. h3 O-O 11. Ne4 b6 12. a4 Nd4 13. a5 Bf5 14. Ned2 f6 15. b3
Qd5 16. Bb2 b5 17. exf6 Bxf6 18. Bxd4 cxd4 19. Ne4 Bg7 20. b4 e5 21. Nfd2 Rf7
22. Qb1 h6 23. Qb3 Qd7 24. Nc5 Qe7 25. Nf3 Qd6 26. Re2 Kf8 27. Rae1 Bxh3 28.
Nxe5 Bxe5 29. Rxe5 Bf5 30. Qb1 Kg7 31. Qc1 Raf8 32. f3 g5 33. R1e2 Bc8 34. Qe1
Rf5 35. Qg3 Rxe5 36. Rxe5 Qf6 37. Ne4 1-0

[Event "Titled Tue 26th Aug Late"]
[Site "chess.com INT"]
[Date "2025.08.26"]
[Round "9"]
[White "Dubnevych, Maksym"]
[Black "Dessyn, Timothee"]
[Result "1-0"]
[WhiteTitle "FM"]
[BlackTitle "FM"]
[WhiteElo "2296"]
[BlackElo "2334"]
[WhiteFideId "14184001"]
[BlackFideId "651028859"]
[EventDate "2025.08.26"]

1. Nc3 d5 2. e4 d4 3. Nce2 c5 4. Ng3 Nc6 5. Bc4 g6 6. Nf3 h5 7. h3 h4 8. Ne2 Bg7
9. d3 Qc7 10. Bg5 Ne5 11. Bb5+ Bd7 12. Bxd7+ Qxd7 13. Nxe5 Bxe5 14. Qd2 O-O-O
15. b4 c4 16. Bf4 c3 17. Qc1 Bxf4 18. Qxf4 f6 19. e5 g5 20. Qe4 e6 21. exf6 Nxf6
22. Qe5 Qe7 23. Nxd4 Rd5 24. Qe3 g4 25. O-O gxh3 26. gxh3 Kb8 27. Nf3 Rf5 28.
Rae1 Nd5 29. Qe4 Rhf8 30. Nd4 Qg7+ 31. Kh1 Rf4 32. Nxe6 Rxe4 33. Nxg7 Rxe1 34.
Rxe1 Rxf2 35. Ne6 a6 36. Nd4 Nxb4 37. Re8+ Ka7 38. Ne2 Nxa2 39. Re4 a5 40. Kg1
Rf6 41. Ra4 Nb4 42. Rxa5+ Kb6 43. Ra4 Nd5 44. Rxh4 Ne3 45. Nxc3 Nxc2 46. Nd5+ 1-0

[Event "Titled Tue 26th Aug Late"]
[Site "chess.com INT"]
[Date "2025.08.26"]
[Round "9"]
[White "Rosen, Eric"]
[Black "Khanbutaev, Artemii"]
[Result "1-0"]
[WhiteTitle "IM"]
[WhiteElo "2377"]
[BlackElo "2145"]
[WhiteFideId "2032562"]
[BlackFideId "55747175"]
[EventDate "2025.08.26"]

1. d4 Nf6 2. Bf4 d5 3. Nf3 c5 4. e3 Nc6 5. Nbd2 e6 6. c3 Bd6 7. Bg3 O-O 8. Bd3
Qe7 9. Ne5 Nd7 10. Nxd7 Qxd7 11. Bxd6 Qxd6 12. dxc5 Qxc5 13. e4 Rd8 14. Qe2 b6
15. O-O Bb7 16. Nb3 Qd6 17. Rad1 dxe4 18. Bxe4 Qc7 19. Qh5 g6 20. Qh4 Ne7 21.
Bxb7 Qxb7 22. Nd4 Nd5 23. Nf3 Qe7 24. Qa4 Qf6 25. Rfe1 Nf4 26. Rxd8+ Rxd8 27.
Qxa7 Nh3+ 28. Kf1 Qf5 29. Qa6 Nf4 30. Qxb6 Rd3 31. Qb8+ Kg7 32. Qe5+ Qxe5 33.
Nxe5 Rd2 34. g3 Nh3 35. Re2 Rd1+ 36. Kg2 Ng5 37. f4 f6 38. fxg5 fxe5 39. b4 Ra1
40. b5 Rc1 41. Rb2 Rxc3 42. b6 Rc8 43. b7 Rb8 44. a4 Kf7 45. a5 Ke7 46. a6 Kd7
47. a7 1-0

[Event "Titled Tue 26th Aug Late"]
[Site "chess.com INT"]
[Date "2025.08.26"]
[Round "9"]
[White "Li, Yilin"]
[Black "Romero Ruscalleda, Josep"]
[Result "0-1"]
[WhiteTitle "WFM"]
[BlackTitle "FM"]
[WhiteElo "1921"]
[BlackElo "2110"]
[WhiteFideId "8610410"]
[BlackFideId "2231859"]
[EventDate "2025.08.26"]

1. e4 g6 2. d4 Bg7 3. Nc3 d6 4. Be3 a6 5. Qd2 b5 6. a3 Nd7 7. h4 Ngf6 8. f3 Bb7
9. Nh3 c5 10. dxc5 Nxc5 11. e5 Nh5 12. exd6 Ne6 13. dxe7 Qxe7 14. O-O-O Ng3 15.
Rg1 Rc8 16. Nd5 Bxd5 17. Qxd5 O-O 18. Bd3 Nc7 19. Qc5 Qxh4 20. Bf2 Ne6 21. Qb4
Qxb4 22. axb4 Nh5 23. g3 Rfd8 24. Be4 Bd4 25. Bxd4 Nxd4 26. c3 Ne2+ 27. Kc2 Nxg1
28. Rxg1 Rc7 29. Nf2 f5 30. Bd3 Rcd7 31. c4 bxc4 32. Bxc4+ Kg7 33. Nd3 Rc7 34.
b3 Nf6 35. Kb2 Rd6 36. Ra1 Nd5 37. Bxa6 g5 38. Bc4 Nb6 39. Nc5 Kf6 40. Kc3 h5
41. Re1 h4 42. gxh4 gxh4 43. Rh1 Rh7 44. f4 h3 45. Nd3 h2 46. Ne5 Nd5+ 47. Bxd5
Rxd5 48. Nf3 Rdd7 0-1

[Event "Titled Tue 26th Aug Late"]
[Site "chess.com INT"]
[Date "2025.08.26"]
[Round "9"]
[White "Alazmi, Amani"]
[Black "Rabin, Evan"]
[Result "0-1"]
[WhiteTitle "WCM"]
[WhiteElo "1745"]
[BlackElo "1945"]
[WhiteFideId "10303553"]
[BlackFideId "2028670"]
[EventDate "2025.08.26"]

1. c4 Nf6 2. Nc3 e6 3. e4 c5 4. e5 Ng8 5. Nf3 Nc6 6. Ne4 Qc7 7. d4 cxd4 8. Bf4
Bb4+ 9. Ned2 Nge7 10. Bd3 Ng6 11. Bg3 Ngxe5 12. Nxe5 Nxe5 13. O-O Bxd2 14. Qxd2
d6 15. Be2 Nc6 16. a3 O-O 17. b4 e5 18. Rac1 Be6 19. c5 dxc5 20. Rxc5 Qd6 21. f4
f6 22. f5 Bf7 23. Bc4 Bxc4 24. Rxc4 Rfc8 25. Rfc1 Qd5 26. Rc5 Qd7 27. Qa2+ Kh8
28. Qc4 Ne7 29. Qf7 Rxc5 30. bxc5 Qe8 31. Qe6 Nc6 32. Qc4 Qg8 33. Qd3 Qd5 34. h4
e4 35. Qb5 Ne7 36. Bd6 Nxf5 37. Bh2 e3 38. c6 Qxb5 39. c7 Rc8 40. Bf4 d3 41. Rc3
d2 42. Bxe3 d1=Q+ 43. Kh2 Nxe3 44. Rxe3 Qd6+ 45. Rg3 Qbe5 46. Kg1 Qxg3 47. Kf1
Qd1# 0-1

[Event "Titled Tue 26th Aug Late"]
[Site "chess.com INT"]
[Date "2025.08.26"]
[Round "9"]
[White "Zouaghi, Amir"]
[Black "Rogov, Matfey"]
[Result "1-0"]
[WhiteTitle "FM"]
[BlackTitle "FM"]
[WhiteElo "2301"]
[BlackElo "2348"]
[WhiteFideId "249262"]
[BlackFideId "44191308"]
[EventDate "2025.08.26"]

1. d4 Nf6 2. Nf3 d5 3. g3 Bf5 4. Bg2 Nbd7 5. O-O e6 6. c4 h6 7. Nc3 c6 8. Re1
Bb4 9. Qb3 a5 10. a3 Bxc3 11. bxc3 Rb8 12. c5 b5 13. cxb6 Rxb6 14. Qa4 Rb5 15.
c4 Nb6 16. Qd1 Nxc4 17. a4 Rb7 18. Nd2 Nxd2 19. Qxd2 O-O 20. Ba3 Re8 21. Rec1
Qd7 22. Qxa5 e5 23. dxe5 Rxe5 24. e3 Bh3 25. Bxh3 Qxh3 26. Qa8+ Kh7 27. Qxb7 Ng4
28. Qxf7 Qxh2+ 29. Kf1 Qh1+ 30. Ke2 Rxe3+ 31. fxe3 Qg2+ 32. Kd1 Nxe3+ 33. Ke1 d4
34. Qf2 Qe4 35. Kd2 h5 36. Qe2 g6 37. Qd3 Qg2+ 38. Qe2 Qe4 39. a5 Qe5 40. Bc5
Qg5 41. Kd3 Qf5+ 42. Kxd4 Ng4 43. Qe7+ Kh6 44. Qf8+ Kg5 45. Be7+ Nf6 46. Qxf6+
Kg4 47. Qh4+ Kf3 48. Rf1+ Kg2 49. Qh1+ Kxg3 50. Rxf5 gxf5 51. Rf1 c5+ 52. Kd5 f4
53. Rf3+ 1-0

[Event "Titled Tue 26th Aug Late"]
[Site "chess.com INT"]
[Date "2025.08.26"]
[Round "9"]
[White "Oluka Robert Mcligeyo"]
[Black "Dylag, Emilia"]
[Result "1/2-1/2"]
[WhiteTitle "CM"]
[BlackTitle "WFM"]
[WhiteElo "2081"]
[BlackElo "2078"]
[WhiteFideId "10814647"]
[BlackFideId "21805172"]
[EventDate "2025.08.26"]

1. Nf3 Nf6 2. c4 e6 3. g3 d5 4. Bg2 Be7 5. O-O O-O 6. b3 c5 7. cxd5 Nxd5 8. Bb2
Nc6 9. Nc3 Bf6 10. Rc1 b6 11. d3 Bb7 12. Qd2 Qe7 13. a3 Rfd8 14. Nxd5 exd5 15.
d4 Rac8 16. dxc5 bxc5 17. Bxf6 gxf6 18. Bh3 Rc7 19. Nh4 Nd4 20. Nf5 Nxf5 21.
Bxf5 Qe5 22. Bb1 d4 23. Qh6 Be4 24. Bxe4 Qxe4 25. Qxf6 Re8 26. Qg5+ Qg6 27. Rxc5
Qxg5 28. Rxg5+ Kf8 29. Rd5 Rc3 30. Rxd4 Rxb3 31. Ra4 Rb7 32. e3 Rd8 33. Rc1 Rd3
34. Kg2 Kg7 35. Rc6 Rd2 36. Rca6 Rbb2 37. Rf4 Rb7 38. Rfa4 Rbb2 39. Rf4 Rb7 40.
h4 Ra2 41. h5 h6 42. Rg4+ Kh7 43. Rf4 Kg7 44. Raa4 Rd2 45. Ra6 Ra2 1/2-1/2

[Event "Titled Tue 26th Aug Late"]
[Site "chess.com INT"]
[Date "2025.08.26"]
[Round "9"]
[White "Beznosov, Timofey"]
[Black "Mekhitarian, Krikor Sevag"]
[Result "1-0"]
[WhiteTitle "CM"]
[BlackTitle "GM"]
[WhiteElo "2131"]
[BlackElo "2549"]
[WhiteFideId "34497951"]
[BlackFideId "2107660"]
[EventDate "2025.08.26"]

1. e4 c5 2. Nf3 Nc6 3. d4 cxd4 4. Nxd4 Nf6 5. Nc3 e5 6. Ndb5 d6 7. Bg5 a6 8. Na3
b5 9. Nd5 Be7 10. Bxf6 Bxf6 11. c3 Bg5 12. h4 Bxh4 13. Rxh4 Qxh4 14. Nc7+ Ke7
15. Nxa8 Qxe4+ 16. Qe2 Qxe2+ 17. Bxe2 Bb7 18. Nb6 Na7 19. f3 Rb8 20. O-O-O Bxf3
21. Bxf3 Rxb6 22. Nc2 Rb8 23. Nb4 g6 24. Nxa6 Rc8 25. g4 Nc6 26. Bxc6 Rxc6 27.
Nb4 Rc4 28. g5 Rg4 29. Nd5+ Ke6 30. Nc7+ Ke7 31. Nxb5 Rxg5 32. a4 h5 33. a5 e4
34. c4 Rc5 35. Rd4 f5 36. a6 h4 37. a7 Rc8 38. Kd2 h3 39. Rxd6 Kf7 40. Rd7+ Kg8
41. Ke3 g5 42. Nc7 h2 43. Rd1 g4 44. Kf4 e3 45. Kxe3 g3 46. Kf3 f4 47. a8=Q Rxa8
48. Nxa8 Kf7 49. c5 Ke6 50. c6 1-0